| 000 | 00335nam a22001337a 4500 | ||
|---|---|---|---|
| 008 | 181205b xxu||||| |||| 00| 0 eng d | ||
| 020 | _a9780669386332 | ||
| 041 | _aeng | ||
| 080 | _a370 | ||
| 100 | _a49 | ||
| 101 | _aEDU | ||
| 245 |
_aWiters Expreess A Handbook Young Writers Thinkers And Leaders _cDave.K |
||
| 942 |
_2udc _cBK |
||
| 999 |
_c52910 _d52910 |
||